000 01266nam a2200337 a 4500
001 57958
003 CO-BoRNBP
005 20250813202407.0
007 ta
008 150226s2014 ck o gr 00010 spa d
020 _a9789585817562
040 _aCO-BoBLA
_bspa
_cCO-BoBLA
043 _as-ck---
082 0 4 _a792.8
_bA74d1
_221
100 1 _aArgel Raciny, Sandra Patricia.
_962134
240 1 0 _aLa Guajira-Bibliografía regional
245 1 0 _aDanza-en-con-tensión :
_bel Plan Nacional de Danza 2010-2020 visto desde Miraflores (Guaviare) /
_cSandra Patricia Argel Raciny.
250 _aEdición Yolanda López Correal.
300 _a116 páginas :
_bfotografías ;
_c24 cm +
_e1 DVD.
336 _2rdacontent
_atexto
_btxt
337 _2rdamedia
_asin mediación
_bn
338 _2rdacarrier
_avolumen
_bnc
490 1 _aColección Danza en estudio
630 1 7 _aPlan Nacional de Danza
_z Colombia
_y 2009.
_962135
650 7 _aDanza
_z Miraflores (Guaviare, Colombia)
_y 2010-2020.
_2BLAAUTO
_962136
650 7 _aPolítica cultural
_z Miraflores (Guaviare, Colombia)
_y 2010-2020.
_2BLAAUTO
_962137
700 1 _aLópez Correal, Yolanda,
_eeditora.
_962138
776 0 _iEl DVD es complemento del libro.
942 _2ddc
_cBK
949 _an
_bn
999 _c57958
_d57958